Capital cost hurdle (Record no. 75447)
[ view plain ]
| 000 -LEADER | |
|---|---|
| fixed length control field | 00940cab a2200193 4500 |
| 001 - CONTROL NUMBER | |
| control field | L130085 |
| 008 - FIXED-LENGTH DATA ELEMENTS--GENERAL INFORMATION | |
| fixed length control field | 050621n2005 000 0 eng u |
| 035 ## - SYSTEM CONTROL NUMBER | |
| System control number | (Sirsi) u130085 |
| 041 ## - LANGUAGE CODE | |
| Language code of text/sound track or separate title | eng |
| 100 ## - MAIN ENTRY--PERSONAL NAME | |
| Personal name | Clark, Phil |
| 245 ## - TITLE STATEMENT | |
| Title | Capital cost hurdle |
| 260 ## - PUBLICATION, DISTRIBUTION, ETC. | |
| Date of publication, distribution, etc. | 2005 |
| 490 ## - SERIES STATEMENT | |
| Series statement | QS News |
| Volume/sequential designation | 17 June 2005, 12-13(2) |
| 520 ## - SUMMARY, ETC. | |
| Summary, etc. | Examines the possible inflationary impact of the London 2012 Olympic bid. According to some experts, a successful bid will have a significant impact on labour, tender and material prices with an increase in preliminaries and overheads likely to be put down by contractors on future work. Others are less pessimistic arguing that the increase in workload is a good opportunity for the industry with any problems being resolved by careful planning and thorough investment in training. |
| 590 ## - LOCAL NOTE (RLIN) | |
| Local note | IKA040705 |
| 650 ## - SUBJECT ADDED ENTRY--TOPICAL TERM | |
| Topical term or geographic name entry element | OLYMPIC GAMES 2012 |
| 690 ## - LOCAL SUBJECT ADDED ENTRY--TOPICAL TERM (OCLC, RLIN) | |
| Topical term or geographic name as entry element | BUILT ENVIRONMENT-BUILDING COSTS |
| 942 ## - ADDED ENTRY ELEMENTS (KOHA) | |
| Suppress in OPAC | 0 |
| Withdrawn status | Lost status | Source of classification or shelving scheme | Damaged status | Not for loan | Home library | Current library | Shelving location | Date acquired | Total Checkouts | Full call number | Barcode | Date last seen | Copy number | Price effective from | Koha item type |
|---|---|---|---|---|---|---|---|---|---|---|---|---|---|---|---|
| Dewey Decimal Classification | London | London | Journal article | 21/06/2005 | L130085 | 130085-1001 | 06/08/2019 | 1 | 06/08/2019 | Journal article |